III Encuentro Internacional de Rectores Universia Río, 2014: la universidad del siglo XXI. Una reflexión desde Iberoamérica

Uloženo v:
Podrobná bibliografie
Médium: Kniha
Jazyk:španělština
Vydáno: Madrid Banco Santander 2015
Vydání:1a. ed
Témata:
Tagy: Přidat tag
Žádné tagy, Buďte první, kdo vytvoří štítek k tomuto záznamu!

MARC

LEADER 00000cam a2200000 a 4500
001 UCD1321
003 CL-VaPUC
008 160303e20150000sp |||||||||||||||||spa|d
082 0 4 |a 378.007  |b ENC  |2 21 
245 1 0 |a III Encuentro Internacional de Rectores Universia Río, 2014: la universidad del siglo XXI. Una reflexión desde Iberoamérica 
250 |a 1a. ed 
300 |a 147 p 
942 |c BK 
945 |d 20160303 03:41:00  |a dcastane 
260 |a Madrid  |b Banco Santander  |c 2015 
650 0 |a Educación superior   |9 223851 
650 0 |a Universidades  |9 256317 
650 0 |a Globalización  |9 361930 
583 |a last modification  |c 20160303 03:41:00  |k Rodrigo Vera 
999 |c 362683  |d 362681 
952 |0 0  |1 0  |3 erb  |4 0  |6 378_007000000000000_ENC_2015  |7 0  |8 ED_SUP  |9 474102  |a BIBGIM  |b BIBGIM  |c S_PSTGRDO  |i 5264340  |o 378.007 ENC 2015  |p 5264340  |r 2025-01-15  |w 2019-11-24  |y BK  |z Catalogado en:20160303  |k ESU